000 00571nam a2200205Ia 4500
005 20250508161007.0
008 008 250505s9999 xx 000 0 eng d
020 _a0-471-01866-X
037 _aTextual
040 _aFEDL
_beng
_cFEDL
041 _aeng
_2eng
084 _a370.7, LOM
_qFEDL
100 _aLomax Donald E. Ed.
_9769960
245 0 _aEuropean perspectives in teacher education
260 _aLondon, UK
_bJohn Wiley and Sons
_c1976
300 _ax,290p
650 _aEducation
942 _cTEXL
_h370.7, LOM
999 _c1367814
_d1367814